Report of the international Conference on re-appraising the urban planning process as an instrument of sustainable urban development and management. : (Record no. 12809)
[ view plain ]
| 000 -LEADER | |
|---|---|
| fixed length control field | 00630cam a22001932 4500 |
| 001 - CONTROL NUMBER | |
| control field | 0000003295 |
| 005 - DATE AND TIME OF LATEST TRANSACTION | |
| control field | 20151217155820.0 |
| 008 - FIXED-LENGTH DATA ELEMENTS--GENERAL INFORMATION | |
| fixed length control field | 070503s xx 000 0 eng d |
| 020 ## - INTERNATIONAL STANDARD BOOK NUMBER | |
| International Standard Book Number | 9111312620 : |
| Terms of availability | KES 325 |
| 040 ## - CATALOGING SOURCE | |
| Original cataloging agency | KABU |
| Transcribing agency | KABU |
| 050 #0 - LIBRARY OF CONGRESS CALL NUMBER | |
| Classification number | HT166 |
| Item number | .R47 |
| 245 10 - TITLE STATEMENT | |
| Title | Report of the international Conference on re-appraising the urban planning process as an instrument of sustainable urban development and management. : |
| 260 ## - PUBLICATION, DISTRIBUTION, ETC. (IMPRINT) | |
| Place of publication, distribution, etc. | Nairobi : |
| Name of publisher, distributor, etc. | Habitat, |
| Date of publication, distribution, etc. | 1994. |
| 300 ## - PHYSICAL DESCRIPTION | |
| Extent | 39 p. |
| 650 #0 - SUBJECT ADDED ENTRY--TOPICAL TERM | |
| Topical term or geographic name as entry element | City planning. |
| -- | 0000047171 |
| 908 ## - PUT COMMAND PARAMETER (RLIN) | |
| Put command parameter | 070503 |
| 950 ## - LOCAL HOLDINGS (RLIN) | |
| -- | 1 |
| Withdrawn status | Lost status | Source of classification or shelving scheme | Not for loan | Home library | Current library | Date acquired | Total Checkouts | Full call number | Barcode | Date last seen | Price effective from | Koha item type |
|---|---|---|---|---|---|---|---|---|---|---|---|---|
| Library of Congress Classification | Kabarak, Main Campus | Kabarak, Main Campus | 17/12/2015 | HT166 .R47 | 002824 | 17/12/2015 | 17/12/2015 | Africana Collection |